Euroopan kaupungit kirjaimittain - H - Statistics

Yleistilastot
  • Tätä visaa on pelattu 48 kertaa
  • Keskiarvotulos 10 / 21
Vastaukset kartalla
Vastauksille on annettu kartalla punavihreä väri sen mukaan, kuinka moni on saanut sen oikein.
 
Vastaustilastot
% Oikein
Suomi Helsinki 684 018 60.170833 24.9375
100%
Saksa Hampuri 1 862 565 53.553333 9.992222
97%
Suomi Hämeenlinna 68 433 60.995833 24.465278 Haag 52.084167 4.3175 4 haag Haaparanta 65.833333 24.133333 4 haaparanta Haapsalu 58.95 23.533333 4 haapsalu Hagen 51.366667 7.483333 4 hagen Hampuri 53.553333 9.992222 4 hampuri Hammerfest 70.6625 23.683333 4 hammerfest Hania 35.516667 24.016667 4 hania Hannover 52.366667 9.733333 4 hannover Harkova 49.9925 36.231111 4 harkova Helsingborg 56.049722 12.699722 4 helsingborg Helsingør 56.035 12.606667 4 helsingor Helsinki 60.170833 24.9375 4 helsinki Herning 56.133333 8.966667 4 herning Himki 55.889278 37.445083 4 himki Homel 52.423889 31.012842 4 homel Horlivka 48.3011 38.0205 4 horlivka Hrodna 53.67 23.835 4 hrodna Huddersfield 53.65 -1.783333 4 huddersfield Huddinge 59.216667 18.016667 4 huddinge Huelva 37.25 -6.95 4 huelva Hämeenlinna 60.995833 24.465278 4 hameenlinna
92%
Ruotsi Haaparanta 9 027 65.833333 24.133333
76%
Ukraina Harkova 1 421 125 49.9925 36.231111
74%
Alankomaat Haag 568 945 52.084167 4.3175
71%
Norja Hammerfest 11 310 70.6625 23.683333
68%
Saksa Hannover 522 131 52.366667 9.733333
63%
Ruotsi Helsingborg 152 091 56.049722 12.699722
61%
Tanska Helsingør 48 134 56.035 12.606667
50%
Viro Haapsalu 9 499 58.95 23.533333
47%
Kreikka Hania 90 185 35.516667 24.016667
39%
Valko-Venäjä Homel 501 802 52.423889 31.012842
21%
Ruotsi Huddinge 114 304 59.216667 18.016667
16%
Espanja Huelva 143 774 37.25 -6.95
16%
Tanska Herning 51 782 56.133333 8.966667
13%
Valko-Venäjä Hrodna 358 717 53.67 23.835
13%
Iso-Britannia Huddersfield 141 692 53.65 -1.783333
13%
Saksa Hagen 190 384 51.366667 7.483333
8%
Ukraina Horlivka 239 828 48.3011 38.0205
8%
Venäjä Himki 259 399 55.889278 37.445083
3%
Ehtoja vastaavia visoja ei löytynyt
Tulosjakauma
Jokaisen tuloksen saaneiden osuus
Persentiili vastausten määrän mukaan
Tuloshistoriasi
Et ole pelannut tätä visaa